000 00772cam a22002531 4500
001 11500
003 BD-RjUL
005 20211208235133.0
008 140127r19501960nyuad b 000 0 eng
035 _a(BD-RjUL)11549
040 _aDLC
_cDLC
_dDLC
_dBD-RjUL
_beng
041 _aeng
082 0 0 _a551.46
_bCAS 1960
100 1 _aCarson, Rachel,
_d1907-1964.
_933874
245 1 4 _aThe sea around us.
_cDrawings by Katherine L. Howe.
260 _aNew York :
_bOxford University Press,
_cc1950 [Reprinted 1960].
300 _a 170 p. :
_billus., charts. ;
_c22 cm.
504 _aIncludes index.
650 0 _aOceanography.
_935570
700 1 _aLongworth, Alice Roosevelt,
_d1884-1980
_einscriber.
_935571
942 _2ddc
_cBK
999 _c11500
_d11500